[Event "Leitersdorf op"]
[Site "Leitersdorf"]
[Date "2016.01.05"]
[Round "4"]
[White "Sauer, Manfred"]
[Black "Toelly, Michael"]
[Result "0-1"]
[WhiteElo "1726"]
[BlackElo "2001"]
[PlyCount "76"]
[EventDate "2016.01.02"]
[EventType "swiss"]
[EventRounds "5"]
[EventCountry "AUT"]
[SourceTitle "CBM 170 Extra"]
[Source "ChessBase"]
[SourceDate "2016.02.25"]
[SourceVersion "1"]
[SourceVersionDate "2016.02.25"]
[SourceQuality "1"]

1. d4 Nf6 2. Nf3 e6 3. c4 b6 4. a3 Bb7 5. e3 c5 6. dxc5 Bxc5 7. b4 Be7 8. Bb2 0-0 9. Be2 d5 10. Nbd2 Nbd7 11. 0-0 a5 12. bxa5 Rxa5 13. Nb3 Ra8 14. cxd5 Nxd5 15. Bb5 Bf6 16. Bd4 Qe7 17. Bxd7 Bxd4 18. Qxd4 Qxd7 19. e4 Ra4 20. Qb2 Rxe4 21. Nbd2 Ra4 22. Ne5 Qe7 23. Nec4 Qg5 24. Nf3 Qg6 25. Nce5 Qf5 26. Qb3 Rfa8 27. Rfc1 f6 28. Nc4 Qg6 29. Ne1 Nf4 30. Qc2 Be4 31. Qxa4 Rxa4 32. Nxb6 Ne2+ 33. Kf1 Nxc1 34. Nxa4 Nd3 35. Nxd3 Bxd3+ 36. Kg1 Be4 37. g3 Qf5 38. f4 Qd5 0-1

[Event "Leitersdorf op"]
[Site "Leitersdorf"]
[Date "2016.01.02"]
[Round "1"]
[White "Sauer, Manfred"]
[Black "Schnider, Gert"]
[Result "0-1"]
[WhiteElo "1726"]
[BlackElo "2356"]
[PlyCount "50"]
[EventDate "2016.01.02"]
[EventType "swiss"]
[EventRounds "5"]
[EventCountry "AUT"]
[SourceTitle "CBM 170 Extra"]
[Source "ChessBase"]
[SourceDate "2016.02.25"]
[SourceVersion "1"]
[SourceVersionDate "2016.02.25"]
[SourceQuality "1"]

1. d4 Nf6 2. Nf3 e6 3. a3 c5 4. dxc5 Bxc5 5. b4 Be7 6. Bb2 0-0 7. e3 b6 8. Nbd2 Bb7 9. Be2 a5 10. b5 d6 11. 0-0 Nbd7 12. a4 Qc7 13. c4 Rac8 14. Rc1 Rfd8 15. Ba3 Nc5 16. Bxc5 Qxc5 17. Nd4 e5 18. Nf5 Bf8 19. Ng3 Qc7 20. Bg4 Nxg4 21. Qxg4 d5 22. cxd5 Qxc1 23. Rxc1 Rxc1+ 24. Ndf1 Bxd5 25. Ne2 Be6 0-1

[Event "Leitersdorf Region-ch"]
[Site "Leitersdorf"]
[Date "2013.01.03"]
[Round "2"]
[White "Lafer, David"]
[Black "Sauer, Manfred"]
[Result "1-0"]
[WhiteElo "1525"]
[BlackElo "1712"]
[PlyCount "65"]
[EventDate "2013.01.02"]
[EventType "swiss"]
[EventRounds "5"]
[EventCountry "AUT"]
[SourceTitle "CBM 152 Extra"]
[Source "ChessBase"]
[SourceDate "2013.02.25"]
[SourceVersion "1"]
[SourceVersionDate "2013.02.25"]
[SourceQuality "1"]

1. e4 e6 2. d4 c5 3. Nf3 cxd4 4. Nxd4 Nc6 5. Nc3 a6 6. Be3 Nf6 7. f3 Be7 8. Qd2 0-0 9. 0-0-0 b5 10. g4 Qa5 11. g5 Nh5 12. Nb3 Qc7 13. f4 g6 14. Be2 Ng7 15. h4 Na5 16. h5 Nc4 17. Bxc4 bxc4 18. Nd4 d6 19. hxg6 fxg6 20. Qh2 Nh5 21. Nde2 Rf7 22. Ng3 Nxg3 23. Qxg3 Rb8 24. Bd4 Qb7 25. Ne2 Qxe4 26. Rh2 Rb7 27. Bc3 Qf5 28. Qe3 e5 29. Rg1 exf4 30. Qd4 Qe5 31. Qxc4 Qc5 32. Rxh7 Bf6 33. Bxf6 1-0

[Event "Leitersdorf Region-ch"]
[Site "Leitersdorf"]
[Date "2012.01.05"]
[Round "3"]
[White "Sauer, Manfred"]
[Black "Reimann, Marc"]
[Result "1-0"]
[WhiteElo "1699"]
[BlackElo "1599"]
[PlyCount "143"]
[EventDate "2012.01.03"]
[EventType "swiss"]
[EventRounds "5"]
[EventCountry "AUT"]
[SourceTitle "EXT 2013"]
[Source "ChessBase"]
[SourceDate "2012.11.22"]
[SourceVersion "1"]
[SourceVersionDate "2012.11.22"]
[SourceQuality "1"]

1. d4 Nf6 2. Nf3 d6 3. g3 Bf5 4. Bg2 Nc6 5. c3 Qc8 6. Nbd2 e5 7. dxe5 dxe5 8. Nc4 e4 9. Nd4 Bh3 10. 0-0 Bc5 11. Nxc6 bxc6 12. Be3 Bxg2 13. Kxg2 Bxe3 14. Nxe3 0-0 15. Qa4 Qb7 16. b3 Nd5 17. Qd4 f5 18. c4 f4 19. cxd5 fxe3 20. dxc6 Qxc6 21. Qxe3 Rf7 22. Rad1 Raf8 23. Rd4 Qc2 24. a3 Re7 25. Rc4 Qb2 26. b4 Rd8 27. Rxe4 Rxe4 28. Qxe4 Qxa3 29. Qc4+ Kf8 30. Qxc7 Re8 31. Qc5+ Kf7 32. e4 Qd3 33. Qxa7+ Kf6 34. Qa1+ Kg6 35. Qb1 Qxe4+ 36. Qxe4+ Rxe4 37. Rb1 Kf5 38. h4 Ke5 39. b5 Kd5 40. b6 Re8 41. b7 Rb8 42. Kf3 Rf8+ 43. Kg4 Rb8 44. h5 Ke5 45. Kg5 Ke6 46. Rb6+ Kf7 47. h6 g6 48. f4 Ke7 49. f5 gxf5 50. Kxf5 Rf8+ 51. Ke5 Rb8 52. g4 Kd7 53. Kf6 Kc7 54. Rb1 Kd7 55. Kg7 Ke6 56. Rb5 Ke7 57. Rb6 Re8 58. Kxh7 Kf7 59. g5 Kf8 60. Kg6 Kg8 61. Kf6 Rf8+ 62. Ke6 Rb8 63. Kd7 Kf7 64. Rf6+ Kg8 65. Kc7 Rxb7+ 66. Kxb7 Kh7 67. Kc7 Kg8 68. Kd7 Kh7 69. Ke7 Kg8 70. g6 Kh8 71. Ra6 Kg8 72. Ra8# 1-0

[Event "Leitersdorf Region-ch"]
[Site "Leitersdorf"]
[Date "2012.01.04"]
[Round "2"]
[White "Kiraly, Ferenc1"]
[Black "Sauer, Manfred"]
[Result "1-0"]
[WhiteElo "1860"]
[BlackElo "1699"]
[PlyCount "103"]
[EventDate "2012.01.03"]
[EventType "swiss"]
[EventRounds "5"]
[EventCountry "AUT"]
[SourceTitle "EXT 2013"]
[Source "ChessBase"]
[SourceDate "2012.11.22"]
[SourceVersion "1"]
[SourceVersionDate "2012.11.22"]
[SourceQuality "1"]

1. e4 h5 2. Nf3 e6 3. d4 Be7 4. Be3 d6 5. Qd2 a6 6. Nc3 Nd7 7. Be2 e5 8. d5 Ndf6 9. h3 Nh7 10. 0-0-0 Bd7 11. Kb1 b5 12. a3 Ngf6 13. Ng5 Nxg5 14. Bxg5 Qb8 15. f3 a5 16. Na2 b4 17. axb4 axb4 18. Qxb4 Qa7 19. Bc4 Nh7 20. Bc1 Bf6 21. Rd3 Ke7 22. Be3 Qa5 23. Qxa5 Rxa5 24. Ra3 Rha8 25. Rxa5 Rxa5 26. Bd2 Ra8 27. b3 h4 28. Kb2 g5 29. Nb4 Nf8 30. Ra1 Rxa1 31. Kxa1 Ng6 32. Na6 c6 33. dxc6 Bxc6 34. Nb4 Bb7 35. Bd5 Bxd5 36. Nxd5+ Ke6 37. Kb2 Bd8 38. c4 f5 39. Kc2 f4 40. b4 Ne7 41. Nxe7 Bxe7 42. Kb3 Kd7 43. Ka4 Kc6 44. Bc1 Bd8 45. Ba3 Bc7 46. b5+ Kd7 47. c5 dxc5 48. Bxc5 Bd8 49. Kb4 Kc7 50. Kc4 Kd7 51. Kd5 Bc7 52. Bf8 1-0